| 000 | 01613nam0a2200385 4500 | ||
|---|---|---|---|
| 001 | RU\NLR\bibl\822957 | ||
| 005 | 20250614135640.0 | ||
| 010 |
_a5-94221-044-6 _bв обл. _91000 |
||
| 021 |
_aRU _b2004-49287 _92426 |
||
| 035 | _aRSL-KNO-002459897 | ||
| 035 | _a(NLR Aleph) 000811865 | ||
| 090 |
_a1246346 _c1246346 |
||
| 100 | _a20040818d2003 |||y0rusy50 ca | ||
| 101 | 0 | _arus | |
| 102 | _aRU | ||
| 105 | _aa ||||||||| | ||
| 106 | _ar | ||
| 200 | 1 |
_aСоциальные технологии в управлении венчурным бизнесом _fД. К. Беляков _gГос. образоват. учреждение высш. проф. образования Тюм. обл., Тюм. гос. ин-т мировой экономики, упр. и права |
|
| 210 |
_aТюмень _cТГИМЭУП _d2003 _eТип. изд-ва Вектор Бук |
||
| 215 |
_a138 с. _cил. _d20 |
||
| 320 | _aБиблиогр.: с. 127-129 | ||
| 606 | 1 |
_aКапитал рисковый _yРоссийская Федерация _92214728 _3RU\NLR\auth\661330250 |
|
| 610 | 0 | _aЭкономика -- Российская Федерация -- Инвестиции -- Управление | |
| 610 | 0 | _aвенчурный капитал | |
| 686 |
_aУ9(2)0-56-21,0 _2rubbk |
||
| 686 | _aУ9(2)-56(2Р) | ||
| 686 | _aУ5-56-21 | ||
| 700 | 1 |
_aБеляков _bД. К. _gДмитрий Константинович _4070 |
|
| 801 | 0 |
_aRU _bRuMoRKP _c20040818 _grcr |
|
| 801 | 1 |
_aRU _bRuMoRGB _c20040818 |
|
| 801 | 2 |
_aRU _bNLR _c20050721 _gPSBO |
|
| 942 | _cBOOK | ||
| 980 | _aNB | ||
| 980 | _aNBR | ||